| 000 | 01121cam a2200337 a 4500 | ||
|---|---|---|---|
| 999 |
_c118399 _d118399 |
||
| 001 | 12402988 | ||
| 003 | OSt | ||
| 005 | 20200616114304.0 | ||
| 008 | 010212s2001 ii b 001 0 eng | ||
| 010 | _a 2001290150 | ||
| 020 | _a9788170336495 | ||
| 025 | _aI-E-2001-290150; 88-91 | ||
| 035 | _a(DLC) 2001290150 | ||
| 037 |
_bLibrary of Congress -- New Delhi Field Office _cRs450.00 |
||
| 040 |
_aDLC _cDLC |
||
| 042 | _alcode | ||
| 043 | _aa-ii--- | ||
| 050 | 0 | 0 |
_aHT1523 _b.H66 2001 |
| 082 | _a305.56 HOO | ||
| 100 | 1 | _aHooda, Sagar Preet. | |
| 245 | 1 | 0 |
_aContesting reservations : _bThe Indian experiment on affirmative action / _cSagar Preet Hooda. |
| 260 |
_aJaipur : _bRawat Publications, _cc2001. |
||
| 300 |
_a236 p. ; _c22 cm. |
||
| 504 | _aIncludes bibliographical references (p. [225]-231) and index. | ||
| 650 | 0 |
_aRace discrimination _xGovernment policy _zIndia. |
|
| 650 | 0 |
_aAffirmative action programs _xGovernment policy _zIndia. |
|
| 650 | 0 |
_aMinorities _xGovernment policy _zIndia. |
|
| 906 |
_a7 _bcbc _corigode _d3 _encip _f20 _gy-gencatlg |
||
| 942 |
_2ddc _cIR |
||